000 00744nam a2200265Ia 4500
003 OSt
005 20220924130046.0
006 a|||||r|||| 00| 0
007 ta
008 220923b |||||||| |||| 00| 0 per d
020 _c7.00
024 _a331047
037 _cTextual
040 _aARTS
_cARTS
_bper
041 _2per
_aper
082 _aV1OQ7:1.N, 164G7
100 _aLenpol Ustanli Au.
_9199428
245 0 _aTabqat-i-salatin-i-islam
260 _aTehran
_bKitab khana Iran
_c1937
300 _a339p.
_ccm.
650 _aPERSIAN LANGUAGE - HISTORY
700 _a Iqbal Abbas Tr.
_9199429
942 _hV1OQ7:1.N, 164G7
_cTEXL
_2CC
999 _c423956
_d423956